Quy hoạch tuyến tính

Bài toán quy hoạch tuyến tính. Trình bày phương pháp đơn hình và bài toán đối ngẫu. Giới thiệu khái quát về thuật toán ellipsoid và phương pháp điểm trong cho qui hoạch tuyến tính

Spremljeno u:
Bibliografski detalji
Glavni autor: Nguyễn Ngọc Thắng
Daljnji autori: Nguyễn Đình hóa (Tác giả)
Format: Knjiga
Jezik:Vietnamese
Izdano: H. Đại học Quốc gia Hà Nội 2006
Izdanje:In lần thứ 2
Teme:
Oznake: Dodaj oznaku
Bez oznaka, Budi prvi tko označuje ovaj zapis!
Thư viện lưu trữ: Mạng thư viện Đại học Đà Nẵng
LEADER 01431nam a2200385 4500
001 000008011
003 4191
005 20120306160349.0
008 111013s2006 viesd
020 |c 18200đ 
041 0 |a vie 
082 |a 519.7  |b NG-T 
100 0 |a Nguyễn Ngọc Thắng 
245 0 |a Quy hoạch tuyến tính  |c Nguyễn Ngọc Thắng, Nguyễn Đình Hoá 
250 |a In lần thứ 2 
260 |a H.  |b Đại học Quốc gia Hà Nội  |c 2006 
300 |a 148tr.  |c 24cm 
504 |a Thư mục: tr. 148 
520 |a Bài toán quy hoạch tuyến tính. Trình bày phương pháp đơn hình và bài toán đối ngẫu. Giới thiệu khái quát về thuật toán ellipsoid và phương pháp điểm trong cho qui hoạch tuyến tính 
653 |a Quy hoạch 
653 |a Đại số 
653 |a Giáo trình 
653 |a Bài toán đối ngẫu 
700 |a Nguyễn Đình hóa  |e Tác giả 
910 |a Phuong  |d 13/10/11 
OWN |a LSP 
AVA |a UDN50  |b LSP  |d 519.7 NG-T  |e check_holdings  |t Error 5003 Not defined in file expand_doc_bib_avail.  |h N  |k 1 
999 |a From the UDN01 
AVA |a UDN50  |b LSP  |d 519.7 NG-T  |e available  |t Error 5001 Not defined in file expand_doc_bib_avail.  |f 55  |g 1  |h N  |i 2  |k 1 
TYP |a Monograph 
TYP |a Printed language 
980 |a Mạng thư viện Đại học Đà Nẵng